Landfill Tax rise may cut brownfield development (Record no. 66619)
[ view plain ]
| 000 -LEADER | |
|---|---|
| fixed length control field | 00976cam a2200205 4500 |
| 001 - CONTROL NUMBER | |
| control field | WB3714-17 |
| 008 - FIXED-LENGTH DATA ELEMENTS--GENERAL INFORMATION | |
| fixed length control field | 000000n2001 000 0 eng u |
| 035 ## - SYSTEM CONTROL NUMBER | |
| System control number | (Sirsi) u111800 |
| 245 ## - TITLE STATEMENT | |
| Title | Landfill Tax rise may cut brownfield development |
| 260 ## - PUBLICATION, DISTRIBUTION, ETC. | |
| Date of publication, distribution, etc. | 2001 |
| 490 ## - SERIES STATEMENT | |
| Series statement | Urban Environment Today |
| Volume/sequential designation | (118) 29 March 2001, 7(1) |
| 520 ## - SUMMARY, ETC. | |
| Summary, etc. | A report, "Assessing the impact of the landfill tax on derelict land clearance", warns that a rise in the landfill tax and a reduction in exemptions could reduce the amount of development on brownfield land, encourage illegal dumping and reduce interest in alternatives to landfill. Copies of the report are available free form David Walters at DETR. Tel: 020 7944 3257; e-mail: [email protected] |
| 590 ## - LOCAL NOTE (RLIN) | |
| Local note | WB |
| 650 ## - SUBJECT ADDED ENTRY--TOPICAL TERM | |
| Topical term or geographic name entry element | LANDFILL TAX |
| 650 ## - SUBJECT ADDED ENTRY--TOPICAL TERM | |
| Topical term or geographic name entry element | BROWNFIELD SITES |
| 650 ## - SUBJECT ADDED ENTRY--TOPICAL TERM | |
| Topical term or geographic name entry element | FLY TIPPING |
| 650 ## - SUBJECT ADDED ENTRY--TOPICAL TERM | |
| Topical term or geographic name entry element | LAND RECLAMATION |
| 690 ## - LOCAL SUBJECT ADDED ENTRY--TOPICAL TERM (OCLC, RLIN) | |
| Topical term or geographic name as entry element | ENVIRONMENTAL AND LAND CONSULTANCY-ENVIRONMENTAL MANAGEMENT |
| 942 ## - ADDED ENTRY ELEMENTS (KOHA) | |
| Suppress in OPAC | 0 |
| Withdrawn status | Lost status | Source of classification or shelving scheme | Damaged status | Not for loan | Home library | Current library | Shelving location | Date acquired | Total Checkouts | Full call number | Barcode | Date last seen | Copy number | Price effective from | Koha item type |
|---|---|---|---|---|---|---|---|---|---|---|---|---|---|---|---|
| Dewey Decimal Classification | London | London | News article | 03/04/2001 | WB3714-17 | 111800-1001 | 06/08/2019 | 1 | 06/08/2019 | News article |